Our constitution (Record no. 441776)

000 -LEADER
fixed length control field 00444cam a22001457a 4500
008 - FIXED-LENGTH DATA ELEMENTS--GENERAL INFORMATION
fixed length control field 180718b xxu||||| |||| 00| 0 eng d
082 ## - DEWEY DECIMAL CLASSIFICATION NUMBER
Classification number C4x54 Sh23o
100 ## - MAIN ENTRY--PERSONAL NAME
Personal name Sharma,R.K
245 ## - TITLE STATEMENT
Title Our constitution
Statement of responsibility, etc. by R.K. Sharma and V.N. Sharma
260 ## - PUBLICATION, DISTRIBUTION, ETC.
Place of publication, distribution, etc. New Delhi
Name of publisher, distributor, etc. Mohan Lal & sons
Date of publication, distribution, etc.
300 ## - PHYSICAL DESCRIPTION
Extent 93p.
650 ## - SUBJECT ADDED ENTRY--TOPICAL TERM
Topical term or geographic name entry element Constitutional law --United States
650 ## - SUBJECT ADDED ENTRY--TOPICAL TERM
Topical term or geographic name entry element Constitutional law --United States --Juvenile literature
700 ## - ADDED ENTRY--PERSONAL NAME
Personal name Sharma V.N.
Holdings
Withdrawn status Lost status Damaged status Not for loan Permanent Location Current Location Date acquired Full call number Barcode Date last seen Price effective from Koha item type
        Indian Institute of Public Administration Indian Institute of Public Administration 2011-01-27 C4x54 Sh23o 15541 2018-07-21 2018-07-21 Book

Powered by Koha